Bratislava Kollárovo námestie- verejný priestor

Uložené v:
Podrobná bibliografia
Hlavný autor: Hollý, Bohdan (Autor)
Ďalší autori: Hanáček, Tomáš (Vedúci práce)
Médium: Rukopis Kniha
Jazyk:Slovak
Vydavateľské údaje: Bratislava 2019
Predmet:
On-line prístup:http://is.stuba.sk/zp/portal_zp.pl?podrobnosti=127954
Tagy: Pridať tag
Žiadne tagy, Buďte prvý, kto otaguje tento záznam!

MARC

LEADER 00000ntm a22000003a 4500
001 stuzp73922
003 SK-STU
005 20200917111429.2
007 ta
008 150427s2015----xo-----f-mn---000-0-slo-d
040 |a STU  |b slo 
041 0 |a slo 
100 1 |a Hollý, Bohdan  |u 056160  |4 aut  |U FAD Fakulta architektúry  |T FA Ústav urbanizmu a územného plánovania  |X 82266  |U A6160  |Y 397  |7 82266 
242 0 1 |a Bratislava Kollárovo Square- Public Space  |y eng 
245 1 0 |a Bratislava Kollárovo námestie- verejný priestor 
260 |c 2019  |a Bratislava 
650 4 |a Užívateľ  |2 slo 
650 4 |a verejný priestor  |2 slo 
650 4 |a pešia zóna  |2 slo 
650 4 |a doprava  |2 slo 
650 4 |a parter  |2 slo 
650 4 |a zeleň  |2 slo 
650 4 |a voda  |2 slo 
650 4 |a participácia  |2 slo 
650 4 |a inštitúcia  |2 slo 
650 4 |a zóna  |2 slo 
650 4 |a pobyt  |2 slo 
650 4 |a terasa  |2 slo 
650 4 |a rampa  |2 slo 
650 4 |a výhľad  |2 slo 
650 4 |a námestie  |2 slo 
650 4 |a user  |2 eng 
650 4 |a public space  |2 eng 
650 4 |a pedestrian zone  |2 eng 
650 4 |a transport  |2 eng 
650 4 |a parterre  |2 eng 
650 4 |a greenery  |2 eng 
650 4 |a water  |2 eng 
650 4 |a participation  |2 eng 
650 4 |a insitution  |2 eng 
650 4 |a zone  |2 eng 
650 4 |a stay  |2 eng 
650 4 |a terrace  |2 eng 
650 4 |a ramp  |2 eng 
650 4 |a view  |2 eng 
650 4 |a square  |2 eng 
700 1 |a Hanáček, Tomáš  |u 056160  |k Z1  |4 ths  |U FAD Fakulta architektúry  |T FA Ústav urbanizmu a územného plánovania  |X 23660  |U A6160  |Y 397  |7 A000023660 
856 4 |u http://is.stuba.sk/zp/portal_zp.pl?podrobnosti=127954  |u https://opac.crzp.sk/?fn=detailBiblioForm&sid=819BE1355532A4D3171064AB1E91